| 000 | 00645nam a2200193 i 4500 | ||
|---|---|---|---|
| 020 | _a0713133686 : | ||
| 082 | 0 | 0 |
_a604.2 _bREE |
| 100 | 1 |
_aReekie, Ronald Fraser. _940244 |
|
| 245 | 1 | 0 |
_aDraughtsmanship : _bdrawing techniques for graphic communication in architecture and building / _c[by] Fraser Reekie. |
| 250 | _a3rd ed. | ||
| 260 |
_aLondon : _bEdward Arnold, _c1976. |
||
| 300 |
_a[9], 250 p. : _bill., maps, plans, port. ; _c21 cm. |
||
| 500 | _aIncludes index. | ||
| 500 | _aOn cover: Metric units. | ||
| 526 |
_a0 _b0 _c0 _d604_200000000000000_REE |
||
| 650 | 0 |
_aArchitectural drawing. _925520 |
|
| 650 | 0 |
_aMCE _9379 |
|
| 942 |
_2ddc _cBK |
||
| 999 |
_c544579 _d544579 |
||